00765 a2200385 4500000002100000001000700021005001700028008004100045010000500086020000500091082001600096100002000112110000500132245008000137250000500217260003600222300001000258490000700268500000500275600000500280610000500285611000500290630000500295650000500300651000500305654000500310700002100315710000900336711000500345720000500350730000500355740000500360752000500365856000900370BKB 13625720200902153010.0  a a a306.2bS23A1 aSharma, Aradhna a1 aThe anthropology of the state : a readercby Aradhna Sharma and Akhil Gupta a aUSAbBlackwell Publishingc2006 a410p. av a a a a a a a a aGupta, Akhilbc abc a a a a a adf